Тимирязевой Тамары

Доступно только в Электронных читальных залах Найти на картеНа карте
RUSMARC
00003844nmc2a22002771x 450
0018c127f47-cfa3-4492-98d2-ed2e9a63c550
00520130827205817.0
100##$a20130529l1891 k y0rusy50 ca
1010#$arus
102##$aRU
105##$aa z |||||
2001#$aТимирязевой Тамары
$j1891
215##$a1 лист
$cил.
251##$cДело
300##$aЗаголовок дела на папке: Письмо Тимирязевой Тамары Кони А. Ф. (с пометкой Кони А. Ф.)
300##$aЛист 1 - с рисунком
300##$aРукописный текст
330##$aПереписка А. Ф. Кони; Письма к А. Ф. Кони
461#0$10013a54f2e3-e9cf-409b-80fa-f0a9bd3c40cb
$12001
$aКони Анатолий Федорович, юрист, литератор, член академии наук, председатель Санкт-Петербургского окружного суда, член государственного совета
$1251
$cФонд
$1852
$j564
462#0$100178a475cd-a47d-4377-bff3-cee4b81de655
$12001
$aОпись дел фонда А. Ф. Кони за 1880-1931 гг.
$1251
$cОпись
$1852
$j1
517##$aПисьмо Тимирязевой Тамары Кони А. Ф. (с пометкой Кони А. Ф.)
600#1$aКони
$bА. Ф.
$f1844-1927
$gАнатолий Федорович
600#1$aТимирязева
$bТ.
$gТамара
801#0$aRU
$bGA_RF
801#1$aRU
$bНПО Опыт
$c20130529
$2rusmarc
801#2$aRU
$bПБ им. Б.Н. Ельцина
$c20130827
$gRCR
$2rusmarc
852##$aГА РФ
$j3419
937##$d31028909
$hПБ
035##$aRuPRLIB51005478
Формат отображения